000 00906nam a22002417a 4500
999 _c9832
_d9832
005 20251125232824.0
008 s2544 th tha d
020 _a9745343242
040 _aNALT
041 _atha
050 _aDS578.32 จ487ป 2544
100 0 _aวอร์เรน, วิลเลียม
245 1 0 _aปมปริศนาราชาไหมไทย จิม ทอมป์สัน
246 _aJim Thompson the unsolved mystery
260 3 _aกรุงเทพฯ :
_bซีเอ็ดยูเคชั่น,
_c2544
300 _a304 หน้า :
_b ภาพประกอบ, แผนที่ ;
_c 21 ซม.
650 0 4 _aจิม ทอมป์สัน
700 0 _aวอร์เรน, วิลเลียม
850 _aNALT
856 4 0 _uhttps://hdl.handle.net/20.500.14156/410572
_71
942 _cGB
_2lcc